[Event "Buenos Aires Philidor CC Christmas"]
[Site "Buenos Aires"]
[Date "2019.12.19"]
[Round "6.8"]
[White "Minvielle, Nehuen Alexis1111"]
[Black "Spizzirri, Damian"]
[Result "1-0"]
[WhiteElo "1869"]
[BlackElo "1917"]
[PlyCount "55"]
[EventDate "2019.12.03"]
[EventType "swiss"]
[EventRounds "6"]
[EventCountry "ARG"]
[SourceTitle "EXT 2024"]
[Source "ChessBase"]
[SourceDate "2023.10.10"]
[SourceVersion "1"]
[SourceVersionDate "2023.10.10"]
[SourceQuality "1"]

1. d4 Nf6 2. Bf4 d6 3. e3 g6 4. Nf3 Bg7 5. Be2 0-0 6. h3 c5 7. c3 Qb6 8. Qb3 Be6 9. c4 Qa5+ 10. Qc3 Qc7 11. Nbd2 Na6 12. 0-0 cxd4 13. exd4 Rfc8 14. Rac1 Qd7 15. Qe3 b5 16. d5 Nxd5 17. cxd5 Bxd5 18. a3 Nc5 19. Bh6 Bh8 20. Nd4 a6 21. Bf3 Bxf3 22. N2xf3 e5 23. Ne2 Qe6 24. Nc3 d5 25. Ng5 d4 26. Qf3 Qe7 27. Nd5 e4 28. Nxe7# 1-0